[Event "32nd Cappelle Open 2016"]
[Site "Cappelle la Grande FRA"]
[Date "2016.02.13"]
[Round "1.1"]
[White "Kamsky, Gata"]
[Black "D'Costa, Lorin A R"]
[Result "1-0"]
[WhiteElo "2667"]
[BlackElo "2408"]
[PlyCount "63"]
[EventDate "2016.02.13"]
[EventType "swiss"]

1. e4 c5 2. Nf3 e6 3. Nc3 a6 4. d4 cxd4 5. Nxd4 Qc7 6. Bd3 Nf6 7. O-O b5 8. Qe2
Bb7 9. Kh1 Nc6 10. Be3 Be7 11. f4 d6 12. a4 b4 13. Na2 Nxd4 14. Bxd4 d5 15. e5
Ne4 16. c3 bxc3 17. Nxc3 Nxc3 18. bxc3 O-O 19. f5 exf5 20. Rxf5 Bc8 21. Rf4 a5
22. Raf1 Be6 23. Qh5 g6 24. Qh6 Rfc8 25. Rxf7 Bxf7 26. Rxf7 Kxf7 27. Qxh7+ Ke8
28. Qxg6+ Kf8 29. Qh6+ Ke8 30. Bb5+ Qd7 31. Qg6+ Kd8 32. Bb6+ 1-0

[Event "32nd Cappelle Open 2016"]
[Site "Cappelle la Grande FRA"]
[Date "2016.02.13"]
[Round "1.2"]
[White "Grinev, Valeriy"]
[Black "Berkes, Ferenc"]
[Result "0-1"]
[WhiteElo "2403"]
[BlackElo "2649"]
[PlyCount "89"]
[EventDate "2016.02.13"]
[EventType "swiss"]

1. d4 Nf6 2. c4 b6 3. Nc3 Bb7 4. d5 e6 5. a3 Bd6 6. Nf3 O-O 7. e4 exd5 8. exd5
c6 9. Be2 Re8 10. O-O Na6 11. Bg5 Nc7 12. Qd2 cxd5 13. cxd5 Rc8 14. Rad1 Bf8
15. Rfe1 d6 16. Qd4 Be7 17. Bc4 Nd7 18. Bxe7 Rxe7 19. Ba2 Nf6 20. h3 Rxe1+ 21.
Rxe1 Qd7 22. Nh4 Re8 23. Rxe8+ Ncxe8 24. Qd3 g6 25. Nf3 Qe7 26. Qd4 Nc7 27. Nd2
Bc8 28. Nde4 Nce8 29. Bc4 Bf5 30. Nxf6+ Nxf6 31. f4 Qe1+ 32. Kh2 Ne4 33. Nxe4
Bxe4 34. b4 h5 35. Bd3 Bxd3 36. Qxd3 h4 37. Qf3 a5 38. bxa5 bxa5 39. Qb3 Kh7
40. a4 Qe4 41. Qb5 Qxf4+ 42. Kh1 Qd2 43. Kh2 Kg7 44. Qc6 Qb4 45. Qd7 0-1

[Event "32nd Cappelle Open 2016"]
[Site "Cappelle la Grande FRA"]
[Date "2016.02.13"]
[Round "1.3"]
[White "Gharamian, Tigran"]
[Black "Bulmaga, Irina"]
[Result "1/2-1/2"]
[WhiteElo "2643"]
[BlackElo "2395"]
[PlyCount "47"]
[EventDate "2016.02.13"]
[EventType "swiss"]

1. Nf3 Nf6 2. c4 b6 3. g3 Bb7 4. Bg2 e6 5. O-O Be7 6. Nc3 O-O 7. Re1 d5 8. cxd5
Nxd5 9. Nxd5 exd5 10. d4 Nd7 11. Bf4 c5 12. Rc1 Re8 13. Qc2 c4 14. Nd2 b5 15.
e4 Nf8 16. e5 Qb6 17. Be3 Ne6 18. f4 Bb4 19. a3 Nxd4 20. Qd1 Bxd2 21. Qxd2 Nb3
22. Qf2 d4 23. Bxd4 Nxd4 24. Bxb7 1/2-1/2

[Event "32nd Cappelle Open 2016"]
[Site "Cappelle la Grande FRA"]
[Date "2016.02.13"]
[Round "1.4"]
[White "Daulyte, Deimante"]
[Black "Kravtsiv, Martyn"]
[Result "0-1"]
[WhiteElo "2391"]
[BlackElo "2636"]
[PlyCount "82"]
[EventDate "2016.02.13"]
[EventType "swiss"]

1. e4 e5 2. Nf3 Nc6 3. Bb5 a6 4. Ba4 Nf6 5. O-O Be7 6. d3 b5 7. Bb3 d6 8. a3
O-O 9. Nc3 Na5 10. Ba2 Be6 11. b4 Bxa2 12. Rxa2 Nc6 13. Bg5 Qd7 14. Bxf6 Bxf6
15. Nd5 a5 16. Ra1 Bd8 17. c3 Ne7 18. Nxe7+ Bxe7 19. Qb3 Rfb8 20. Rfb1 h6 21.
h3 Rb6 22. a4 Rab8 23. Qd5 c6 24. Qa2 axb4 25. a5 b3 26. Rxb3 Ra6 27. c4 Bd8
28. cxb5 cxb5 29. Qd2 Qa7 30. Qb4 Bxa5 31. Qa3 b4 32. Qa4 Rc8 33. Nd2 Rc2 34.
Qe8+ Kh7 35. Rd1 Bb6 36. Rxb4 Bxf2+ 37. Kh2 Rxd2 38. Rxd2 Bg1+ 39. Kh1 Ra1 40.
Rdb2 Bc5+ 41. Kh2 Bxb4 0-1

[Event "32nd Cappelle Open 2016"]
[Site "Cappelle la Grande FRA"]
[Date "2016.02.13"]
[Round "1.5"]
[White "Sasikiran, Krishnan"]
[Black "Kvetny, Mark"]
[Result "1/2-1/2"]
[WhiteElo "2632"]
[BlackElo "2389"]
[PlyCount "62"]
[EventDate "2016.02.13"]
[EventType "swiss"]

1. e4 e5 2. Nf3 Nf6 3. Nc3 Nc6 4. Bb5 Bb4 5. O-O O-O 6. d3 d6 7. Ne2 Ne7 8. c3
Ba5 9. Ng3 c6 10. Ba4 Ng6 11. Re1 Bb6 12. h3 Be6 13. d4 exd4 14. Nxd4 d5 15.
exd5 Bxd5 16. Ngf5 Qd7 17. Bg5 Ne4 18. Be3 Rfe8 19. Qc2 Nd6 20. Nxd6 Qxd6 21.
Bb3 Nh4 22. Bxd5 Qxd5 23. f3 Bc7 24. Bf2 Qg5 25. Bxh4 Qxh4 26. Kf1 Qg3 27. Re4
Qh2 28. Rae1 Rf8 29. Nf5 Bb6 30. Nd4 Bc7 31. Nf5 Bb6 1/2-1/2

[Event "32nd Cappelle Open 2016"]
[Site "Cappelle la Grande FRA"]
[Date "2016.02.13"]
[Round "1.6"]
[White "Kavutskiy, Konstantin"]
[Black "Vovk, Andrey"]
[Result "1/2-1/2"]
[WhiteElo "2388"]
[BlackElo "2632"]
[PlyCount "64"]
[EventDate "2016.02.13"]
[EventType "swiss"]

1. d4 f5 2. g3 Nf6 3. Bg2 g6 4. Nf3 Bg7 5. O-O O-O 6. c4 d6 7. Nc3 c6 8. b3 Na6
9. Bb2 Qc7 10. d5 Bd7 11. Rc1 Nc5 12. b4 Nce4 13. Qb3 cxd5 14. Nxd5 Nxd5 15.
cxd5 Qb6 16. Bxg7 Kxg7 17. a4 a5 18. b5 Rac8 19. e3 Kg8 20. Qb2 Rxc1 21. Rxc1
Rc8 22. Rxc8+ Bxc8 23. Nd2 Nxd2 24. Qxd2 Qc7 25. h4 b6 26. h5 Qc5 27. h6 e5 28.
dxe6 Bxe6 29. Qb2 Qe5 30. Qc2 Qc5 31. Qb2 Qe5 32. Qc2 Qc5 1/2-1/2

[Event "32nd Cappelle Open 2016"]
[Site "Cappelle la Grande FRA"]
[Date "2016.02.13"]
[Round "1.7"]
[White "Bauer, Christian"]
[Black "Clery, Nicolas"]
[Result "1-0"]
[WhiteElo "2631"]
[BlackElo "2387"]
[PlyCount "73"]
[EventDate "2016.02.13"]
[EventType "swiss"]

1. e4 e5 2. Nf3 Nc6 3. g3 Nf6 4. d3 d5 5. exd5 Qxd5 6. Bg2 Bg4 7. h3 Bh5 8. O-O
O-O-O 9. Nc3 Qd7 10. Re1 Bd6 11. g4 Bg6 12. Nh4 Nd4 13. a4 a5 14. Bd2 c6 15.
Ne2 Nxe2+ 16. Rxe2 Bc7 17. Qe1 b6 18. Bc3 Nd5 19. Bxd5 Qxd5 20. Bxe5 h5 21.
Bxc7 Kxc7 22. Re7+ Rd7 23. Qe5+ Qxe5 24. Rxe5 hxg4 25. Nxg6 fxg6 26. hxg4 Rf8
27. Rae1 Rf6 28. Kg2 Rdf7 29. Re7+ Kd6 30. R1e6+ Rxe6 31. Rxf7 Kc5 32. Kf3 g5
33. Rxg7 Kb4 34. Rxg5 Kxa4 35. Rf5 b5 36. g5 b4 37. b3+ 1-0

[Event "32nd Cappelle Open 2016"]
[Site "Cappelle la Grande FRA"]
[Date "2016.02.13"]
[Round "1.8"]
[White "Anurag, Mhamal"]
[Black "Iturrizaga Bonelli, Eduardo"]
[Result "0-1"]
[WhiteElo "2383"]
[BlackElo "2624"]
[PlyCount "76"]
[EventDate "2016.02.13"]
[EventType "swiss"]

1. Nf3 c5 2. c4 g6 3. g3 Nc6 4. Bg2 Bg7 5. O-O Nh6 6. Nc3 Nf5 7. a3 O-O 8. Rb1
a5 9. e3 e6 10. Nb5 d5 11. cxd5 exd5 12. Qc2 b6 13. Rd1 Ba6 14. Bf1 d4 15. Bc4
Qf6 16. Kg2 Rad8 17. d3 dxe3 18. fxe3 Ne5 19. Nxe5 Qxe5 20. e4 Bxb5 21. Bxb5
Nd4 22. Qc4 Qh5 23. Rf1 Nxb5 24. Qxb5 Qe2+ 25. Rf2 Qxd3 26. Qxd3 Rxd3 27. Bg5
Re8 28. Rf3 Rd4 29. Rbf1 Rd7 30. Rb3 Re6 31. Rb5 h6 32. Bc1 Rd4 33. e5 g5 34.
Rf5 Bxe5 35. Be3 Rd3 36. Bf2 a4 37. h4 gxh4 38. gxh4 Rb3 0-1

[Event "32nd Cappelle Open 2016"]
[Site "Cappelle la Grande FRA"]
[Date "2016.02.13"]
[Round "1.9"]
[White "Vovk, Yuri"]
[Black "Genzling, Alain"]
[Result "1-0"]
[WhiteElo "2620"]
[BlackElo "2383"]
[PlyCount "53"]
[EventDate "2016.02.13"]
[EventType "swiss"]

1. e4 c5 2. Nf3 Nc6 3. Bb5 g6 4. Bxc6 dxc6 5. d3 Bg7 6. h3 Nf6 7. Bf4 Nxe4 8.
dxe4 Qxd1+ 9. Kxd1 Bxb2 10. Be5 Bxa1 11. Bxa1 f6 12. e5 O-O 13. Re1 Kf7 14.
Nbd2 Bf5 15. g4 Be6 16. exf6 exf6 17. g5 Bxa2 18. gxf6 Rae8 19. Ne4 Rd8+ 20.
Kc1 Rfe8 21. Nfg5+ Kf8 22. Nxh7+ Kg8 23. f7+ Bxf7 24. Nef6+ Kg7 25. Nxe8+ Kxh7
26. Nf6+ Kh6 27. Ng4+ 1-0

[Event "32nd Cappelle Open 2016"]
[Site "Cappelle la Grande FRA"]
[Date "2016.02.13"]
[Round "1.10"]
[White "Zhai, Mo"]
[Black "Lu, Shanglei"]
[Result "0-1"]
[WhiteElo "2382"]
[BlackElo "2617"]
[PlyCount "74"]
[EventDate "2016.02.13"]
[EventType "swiss"]

1. d4 d5 2. c4 e6 3. Nc3 c6 4. e4 dxe4 5. Nxe4 Bb4+ 6. Nc3 c5 7. Be3 Nc6 8. Nf3
Nge7 9. dxc5 Bxc3+ 10. bxc3 Qa5 11. Qd2 e5 12. Be2 O-O 13. O-O Rd8 14. Qc1 f6
15. Nd2 Bf5 16. Qb2 Rd7 17. Rfe1 Rad8 18. Bf3 Bd3 19. Bd5+ Nxd5 20. cxd5 Rxd5
21. Qxb7 Qa6 22. Qb3 h6 23. f3 f5 24. a4 Kh8 25. Qa2 Na5 26. Rac1 Qg6 27. c4
R5d7 28. Qb2 Nc6 29. Qc3 f4 30. Bf2 Bf5 31. Ne4 Rd3 32. Qb2 Bh3 33. g3 Rxf3 34.
Nd6 fxg3 35. hxg3 Rdf8 36. Re2 Rxf2 37. Rxf2 Qxg3+ 0-1

[Event "32nd Cappelle Open 2016"]
[Site "Cappelle la Grande FRA"]
[Date "2016.02.13"]
[Round "1.11"]
[White "Gupta, Abhijeet"]
[Black "Song, Michael"]
[Result "0-1"]
[WhiteElo "2613"]
[BlackElo "2376"]
[PlyCount "80"]
[EventDate "2016.02.13"]
[EventType "swiss"]

1. e4 g6 2. d4 Bg7 3. Nc3 d6 4. f4 e6 5. Nf3 Ne7 6. Be3 b6 7. Bd3 Bb7 8. Qe2
Nd7 9. O-O O-O 10. a4 a6 11. Qf2 c5 12. Rad1 Nf6 13. Qh4 c4 14. Bxc4 Bxe4 15.
Nxe4 Nxe4 16. c3 Qd7 17. g4 f5 18. Bd3 Nf6 19. g5 Nfd5 20. Bd2 Qxa4 21. Qe1 Qd7
22. h4 b5 23. Qe2 h5 24. gxh6 Bxh6 25. Ng5 Bxg5 26. fxg5 Nc6 27. h5 Kg7 28. b3
b4 29. c4 Nc3 30. Bxc3 bxc3 31. Bb1 Rab8 32. d5 Qa7+ 33. Kg2 Nd4 34. Qf2 e5 35.
hxg6 Qe7 36. Rxd4 exd4 37. Qxd4+ Kxg6 38. Qxc3 Qe2+ 39. Kg1 Qg4+ 40. Kf2 Rbe8
0-1

[Event "32nd Cappelle Open 2016"]
[Site "Cappelle la Grande FRA"]
[Date "2016.02.13"]
[Round "1.12"]
[White "Jarmula, Lukasz"]
[Black "Krasenkow, Michal"]
[Result "1-0"]
[WhiteElo "2374"]
[BlackElo "2612"]
[PlyCount "65"]
[EventDate "2016.02.13"]
[EventType "swiss"]

1. Nf3 Nf6 2. c4 g6 3. Nc3 Bg7 4. e4 c5 5. d4 cxd4 6. Nxd4 Nc6 7. Nc2 O-O 8.
Be2 d6 9. O-O Nd7 10. Bd2 Nc5 11. f3 f5 12. exf5 gxf5 13. Be3 f4 14. Bf2 Bf5
15. Qd2 Bxc2 16. Qxc2 Bd4 17. Rad1 e5 18. Bd3 Rf6 19. Bxh7+ Kh8 20. Bf5 Bxf2+
21. Rxf2 Nd4 22. Rxd4 exd4 23. Nd5 Rf7 24. b4 Qg5 25. Bg4 Nd7 26. Bxd7 Rxd7 27.
Re2 Rf7 28. Qd2 Rc8 29. Qxd4+ Qg7 30. Qf2 Rff8 31. Re7 Qa1+ 32. Re1 Qg7 33. Ne7
1-0

[Event "32nd Cappelle Open 2016"]
[Site "Cappelle la Grande FRA"]
[Date "2016.02.14"]
[Round "2.1"]
[White "Moussard, Jules"]
[Black "Kamsky, Gata"]
[Result "1/2-1/2"]
[WhiteElo "2487"]
[BlackElo "2667"]
[PlyCount "129"]
[EventDate "2016.02.13"]
[EventType "swiss"]

1. Nf3 d5 2. g3 Nf6 3. Bg2 c6 4. O-O Bf5 5. d3 h6 6. c4 dxc4 7. dxc4 Qxd1 8.
Rxd1 e6 9. Nc3 Bc2 10. Rd2 Bh7 11. Rd1 Nbd7 12. Bf4 g5 13. Bc7 Rc8 14. Bd6 a5
15. h3 Bxd6 16. Rxd6 Ke7 17. Rad1 Rhd8 18. b3 Ne8 19. R6d2 Nc5 20. Ne5 Rxd2 21.
Rxd2 Rc7 22. Rd1 Nd6 23. Nd3 Bxd3 24. exd3 e5 25. d4 exd4 26. Rxd4 Nf5 27. Rd2
Rd7 28. Re2+ Kf6 29. Re8 Rd3 30. Ne4+ Nxe4 31. Bxe4 Rd1+ 32. Kg2 Nd6 33. Bf3
Rg1+ 34. Kxg1 Nxe8 35. Kf1 Ng7 36. Ke2 Ke5 37. Ke3 f5 38. a3 Ne6 39. b4 axb4
40. axb4 f4+ 41. gxf4+ Nxf4 42. h4 gxh4 43. b5 cxb5 44. cxb5 Nd5+ 45. Ke2 b6
46. Kf1 Nf4 47. Kg1 Kd4 48. Kh2 Kd3 49. Bc6 Ke2 50. f3 Ke3 51. Ba8 Kd4 52. Bc6
Ke5 53. Ba8 Kf6 54. Bb7 Kg5 55. Bc6 Ne2 56. Kh3 Nd4 57. f4+ Kxf4 58. Kxh4 Ke5
59. Be8 Kf6 60. Kh5 Kg7 61. Kg4 Kf8 62. Bd7 Ke7 63. Bc8 Nxb5 64. Kh5 Nd6 65.
Ba6 1/2-1/2

[Event "32nd Cappelle Open 2016"]
[Site "Cappelle la Grande FRA"]
[Date "2016.02.14"]
[Round "2.2"]
[White "Berkes, Ferenc"]
[Black "Manolache, Marius"]
[Result "1-0"]
[WhiteElo "2649"]
[BlackElo "2495"]
[PlyCount "105"]
[EventDate "2016.02.13"]
[EventType "swiss"]

1. d4 Nf6 2. Nf3 g6 3. c4 d6 4. g3 c6 5. Bg2 a6 6. O-O Bg7 7. b3 b5 8. Nbd2 O-O
9. Bb2 Bb7 10. Qc2 a5 11. e4 Na6 12. e5 Ne8 13. a3 Nac7 14. Rfe1 a4 15. b4 d5
16. c5 Bc8 17. h3 Bf5 18. Qc3 Qd7 19. Kh2 Bh6 20. Bc1 Ng7 21. Nf1 Bxc1 22.
Raxc1 Be4 23. N1d2 Bxf3 24. Nxf3 Nce6 25. h4 f6 26. exf6 exf6 27. Re2 Rae8 28.
Rce1 Rf7 29. Bh3 Rfe7 30. Qd2 Qc7 31. h5 Nf8 32. h6 Nge6 33. Re3 Nd8 34. Rxe7
Rxe7 35. Rxe7 Qxe7 36. Qf4 Nf7 37. Bc8 g5 38. Qe3 Qd8 39. Be6 Qe7 40. Bxd5 Qxe3
41. Bxf7+ Kxf7 42. fxe3 Ne6 43. g4 Kg6 44. e4 Nc7 45. Nd2 Kxh6 46. Nb1 Kg6 47.
Nc3 h5 48. gxh5+ Kxh5 49. d5 f5 50. d6 Ne6 51. exf5 Nd8 52. Kg3 Kh6 53. Ne2 1-0

[Event "32nd Cappelle Open 2016"]
[Site "Cappelle la Grande FRA"]
[Date "2016.02.14"]
[Round "2.3"]
[White "Kravtsiv, Martyn"]
[Black "Miezis, Normunds"]
[Result "1/2-1/2"]
[WhiteElo "2636"]
[BlackElo "2486"]
[PlyCount "45"]
[EventDate "2016.02.13"]
[EventType "swiss"]

1. e4 c5 2. Nf3 e6 3. d4 cxd4 4. Nxd4 a6 5. Be2 Bc5 6. O-O d6 7. Nc3 Ne7 8. Qd3
O-O 9. Rd1 Bb6 10. Nb3 Bc7 11. Qg3 Nbc6 12. Be3 f5 13. Bf4 e5 14. Bh6 Ng6 15.
Bg5 Qe8 16. Nd5 Bd8 17. Bxd8 Qxd8 18. exf5 Bxf5 19. Bd3 Kh8 20. Rd2 Nce7 21.
Bxf5 Nxf5 22. Qg4 Rc8 23. Re1 1/2-1/2

[Event "32nd Cappelle Open 2016"]
[Site "Cappelle la Grande FRA"]
[Date "2016.02.14"]
[Round "2.4"]
[White "Wan, Yunguo"]
[Black "Bauer, Christian"]
[Result "0-1"]
[WhiteElo "2485"]
[BlackElo "2631"]
[PlyCount "102"]
[EventDate "2016.02.13"]
[EventType "swiss"]

1. e4 e6 2. d4 d5 3. Nc3 Nc6 4. Nf3 Nf6 5. e5 Ne4 6. Bd3 Bb4 7. Bd2 Nxd2 8.
Qxd2 f6 9. a3 Ba5 10. exf6 Qxf6 11. Bb5 Bd7 12. Bxc6 Bxc6 13. O-O O-O 14. Rfe1
Be8 15. Re3 Bh5 16. Rae1 Rae8 17. h3 Bb6 18. Na4 Bxf3 19. Rxf3 Qxd4 20. Qxd4
Bxd4 21. c3 Rxf3 22. gxf3 Bf6 23. Nc5 Kf7 24. f4 b6 25. Nd3 c5 26. Kg2 a5 27.
Kf3 Rc8 28. a4 g6 29. h4 c4 30. Ne5+ Bxe5 31. fxe5 b5 32. axb5 Rb8 33. Ra1 Rxb5
34. Ra2 Kg7 35. Kf4 a4 36. Kg5 Ra5 37. Ra1 Ra7 38. f4 h5 39. f5 gxf5 40. Rg1
Rf7 41. Kxh5+ Kh7 42. Ra1 f4 43. Rxa4 f3 44. Ra1 f2 45. Rf1 Rf5+ 46. Kg4 Kg6
47. Kh3 Kh5 48. Kg3 Rf7 49. Kh3 Rf3+ 50. Kg2 Kg4 51. h5 Rg3+ 0-1

[Event "32nd Cappelle Open 2016"]
[Site "Cappelle la Grande FRA"]
[Date "2016.02.14"]
[Round "2.5"]
[White "Iturrizaga Bonelli, Eduardo"]
[Black "Basso, Pier Luigi"]
[Result "1-0"]
[WhiteElo "2624"]
[BlackElo "2483"]
[PlyCount "61"]
[EventDate "2016.02.13"]
[EventType "swiss"]

1. b3 d5 2. Bb2 Nf6 3. e3 e6 4. f4 c5 5. Nf3 Nc6 6. Be2 g6 7. Ne5 Nxe5 8. fxe5
Nd7 9. O-O Bg7 10. d4 f6 11. c4 O-O 12. cxd5 exd5 13. exf6 Nxf6 14. dxc5 Qe7
15. Bd4 Ne4 16. Bf3 Qg5 17. Bxe4 Rxf1+ 18. Kxf1 dxe4 19. Bxg7 Kxg7 20. Qd4+ Kh6
21. Qxe4 Bh3 22. gxh3 Rf8+ 23. Ke2 Qg1 24. Qh4+ Kg7 25. Qd4+ Kh6 26. Qh4+ Kg7
27. Qd4+ Kh6 28. Nd2 Qxh2+ 29. Kd3 Rf2 30. Qh4+ Kg7 31. Rd1 1-0

[Event "32nd Cappelle Open 2016"]
[Site "Cappelle la Grande FRA"]
[Date "2016.02.14"]
[Round "2.6"]
[White "Castellanos Rodriguez, Renier"]
[Black "Vovk, Yuri"]
[Result "1/2-1/2"]
[WhiteElo "2478"]
[BlackElo "2620"]
[PlyCount "102"]
[EventDate "2016.02.13"]
[EventType "swiss"]

1. e4 c5 2. Nf3 d6 3. d4 Nf6 4. Nc3 cxd4 5. Nxd4 a6 6. h3 e5 7. Nde2 h5 8. g3
Be7 9. Bg2 O-O 10. a4 Re8 11. Be3 Nbd7 12. a5 Nc5 13. O-O Bd7 14. b4 Ne6 15.
Nd5 Nxd5 16. exd5 Nf8 17. Qd2 Qc8 18. Kh2 Qc4 19. Rfc1 Rac8 20. Bf1 Nh7 21. Ng1
Qc3 22. Qxc3 Rxc3 23. Bd2 Rc7 24. c4 h4 25. g4 f5 26. gxf5 Bxf5 27. Be3 Nf6 28.
Nf3 Ne4 29. Nd2 Nf6 30. Nf3 Nh5 31. Ra3 Be4 32. Ng5 Bxg5 33. Bxg5 Rf8 34. Bxh4
Bxd5 35. Rac3 Be6 36. c5 Rf4 37. Bg3 Nxg3 38. Kxg3 Rxb4 39. cxd6 Rd7 40. Re1
Rxd6 41. Rxe5 Bd5 42. Be2 Bc6 43. Bc4+ Kf8 44. Rf5+ Ke8 45. Re3+ Kd8 46. Rf8+
Kc7 47. Be6 Bd7 48. Rf7 Kd8 49. Rf8+ Kc7 50. Rf7 Kd8 51. Rf8+ Kc7 1/2-1/2

[Event "32nd Cappelle Open 2016"]
[Site "Cappelle la Grande FRA"]
[Date "2016.02.14"]
[Round "2.7"]
[White "Lu, Shanglei"]
[Black "Bellahcene, Bilel"]
[Result "1-0"]
[WhiteElo "2617"]
[BlackElo "2476"]
[PlyCount "53"]
[EventDate "2016.02.13"]
[EventType "swiss"]

1. e4 e5 2. Nf3 Nc6 3. Bb5 a6 4. Ba4 Nf6 5. O-O Nxe4 6. d4 b5 7. Bb3 d5 8. dxe5
Be6 9. Qe2 Nc5 10. Rd1 Nxb3 11. axb3 Be7 12. c4 b4 13. Nbd2 Qc8 14. Nf1 dxc4
15. bxc4 O-O 16. Qe4 Nd8 17. Ng3 Re8 18. Ng5 Bxg5 19. Bxg5 h6 20. Be3 a5 21. f4
Qa6 22. b3 Bc8 23. f5 Nc6 24. e6 Bxe6 25. fxe6 Rxe6 26. Qf4 Rae8 27. Bd4 1-0

[Event "32nd Cappelle Open 2016"]
[Site "Cappelle la Grande FRA"]
[Date "2016.02.14"]
[Round "2.8"]
[White "Prasanna, Raghuram Rao"]
[Black "Gupta, Abhijeet"]
[Result "1/2-1/2"]
[WhiteElo "2460"]
[BlackElo "2613"]
[PlyCount "141"]
[EventDate "2016.02.13"]
[EventType "swiss"]

1. e4 c5 2. Nf3 d6 3. Bb5+ Nd7 4. O-O a6 5. Bxd7+ Bxd7 6. d4 cxd4 7. Qxd4 e5 8.
Qd3 Rc8 9. c4 Qc7 10. b3 b5 11. Na3 Qb7 12. Nc2 Nf6 13. Nd2 Be7 14. Ba3 Be6 15.
Ne3 O-O 16. Rfd1 Rfd8 17. Rac1 h6 18. Nd5 Nxd5 19. cxd5 Bd7 20. Bb4 Qb6 21. Qe3
Qxe3 22. fxe3 Kf8 23. Kf2 Ke8 24. Ba5 Rxc1 25. Rxc1 Rc8 26. Rxc8+ Bxc8 27. Nb1
g6 28. Nc3 h5 29. Bb6 Bh4+ 30. g3 Be7 31. a4 bxa4 32. bxa4 Bg4 33. a5 Bd7 34.
Bc7 f6 35. Bb6 Bd8 36. Bxd8 Kxd8 37. Ke2 Ke7 38. Kf2 Ke8 39. Ke2 Kd8 40. Kf2
Ke7 41. Ke2 Kf7 42. Kf2 Kg7 43. Kf1 Kh6 44. Kg2 Kg5 45. h4+ Kh6 46. Kf3 Kg7 47.
Kf2 Kf7 48. Ke2 Ke7 49. Kf2 Kd8 50. Kf3 Bb5 51. Na2 Ke7 52. Nb4 f5 53. exf5
gxf5 54. e4 Kf6 55. Ke3 fxe4 56. Kxe4 Bf1 57. Kf3 Kf5 58. Nc2 e4+ 59. Kf2 Bh3
60. Nb4 Ke5 61. Nxa6 Kxd5 62. Ke3 Bc8 63. Nc7+ Ke5 64. a6 d5 65. a7 d4+ 66. Ke2
Bb7 67. a8=Q Bxa8 68. Nxa8 Kf5 69. Nc7 Kg4 70. Ne6 Kxg3 71. Nxd4 1/2-1/2

[Event "32nd Cappelle Open 2016"]
[Site "Cappelle la Grande FRA"]
[Date "2016.02.14"]
[Round "2.9"]
[White "Krasenkow, Michal"]
[Black "Battaglini, Gabriel"]
[Result "1/2-1/2"]
[WhiteElo "2612"]
[BlackElo "2450"]
[PlyCount "49"]
[EventDate "2016.02.13"]
[EventType "swiss"]

1. d4 Nf6 2. c4 e6 3. Nf3 c5 4. d5 d6 5. Nc3 exd5 6. cxd5 g6 7. h3 Bg7 8. e4
O-O 9. Bd3 b5 10. Nxb5 Re8 11. O-O Nxe4 12. Re1 a6 13. Na3 Nf6 14. Rxe8+ Nxe8
15. Bg5 Nf6 16. Nc4 Bb7 17. Nfd2 h6 18. Bxf6 Bxf6 19. Ne4 Bd4 20. Nexd6 Bxd5
21. Be4 Bxc4 22. Nxc4 Ra7 23. Qf3 Re7 24. Re1 Nc6 25. Kf1 1/2-1/2

[Event "32nd Cappelle Open 2016"]
[Site "Cappelle la Grande FRA"]
[Date "2016.02.14"]
[Round "2.10"]
[White "Velten, Paul"]
[Black "Feller, Sebastien"]
[Result "1/2-1/2"]
[WhiteElo "2449"]
[BlackElo "2610"]
[PlyCount "116"]
[EventDate "2016.02.13"]
[EventType "swiss"]

1. d4 d5 2. Nf3 Nf6 3. Bf4 c5 4. e3 Nc6 5. c3 Qb6 6. Qb3 c4 7. Qc2 Bf5 8. Qc1
e6 9. Be2 Be7 10. Nbd2 O-O 11. O-O Rfc8 12. Bd1 Qd8 13. Bc2 Bxc2 14. Qxc2 b5
15. a3 a5 16. b4 Nd7 17. e4 Nb6 18. Rab1 axb4 19. axb4 Ra3 20. Ra1 Rca8 21. Qb2
Rxa1 22. Rxa1 Rxa1+ 23. Qxa1 Na4 24. exd5 Qxd5 25. Nf1 Qe4 26. Bd2 Bd6 27. Ne3
Qd3 28. Qf1 Qxf1+ 29. Kxf1 Ne7 30. g3 f6 31. Ne1 Nb6 32. N1c2 Na8 33. Na3 Nc7
34. Nexc4 bxc4 35. Nxc4 Nc8 36. Ke2 Kf7 37. Kd3 Ke7 38. f4 Kd7 39. Ne3 Nd5 40.
Nc2 f5 41. c4 Nf6 42. Be1 Ng4 43. h3 Nf6 44. c5 Bc7 45. b5 Nd5 46. Na3 Bd8 47.
Nc4 Bf6 48. Bd2 Na7 49. Na3 h6 50. h4 Be7 51. Kc4 Nf6 52. Nc2 Nd5 53. Ne3 Nxe3+
54. Bxe3 Bf6 55. h5 Be7 56. Bf2 Bf6 57. Be3 Be7 58. Bf2 Bf6 1/2-1/2

[Event "32nd Cappelle Open 2016"]
[Site "Cappelle la Grande FRA"]
[Date "2016.02.14"]
[Round "2.11"]
[White "Neiksans, Arturs"]
[Black "Molina, Roberto Junio Brito"]
[Result "1-0"]
[WhiteElo "2607"]
[BlackElo "2445"]
[PlyCount "103"]
[EventDate "2016.02.13"]
[EventType "swiss"]

1. d4 d5 2. c4 c6 3. Nf3 Nf6 4. e3 Bf5 5. Nc3 e6 6. Nh4 Bg6 7. Qb3 Qc7 8. Nxg6
hxg6 9. h3 Nbd7 10. Bd2 g5 11. Rc1 Qb6 12. g3 g4 13. Bg2 gxh3 14. Rxh3 Rxh3 15.
Bxh3 dxc4 16. Qc2 Qc7 17. Ne4 Nxe4 18. Qxe4 Nf6 19. Qc2 Bd6 20. Ke2 Qb6 21. Bg2
Ke7 22. Qxc4 Rh8 23. b3 Rh2 24. Kf1 a5 25. Kg1 Rh8 26. e4 Bb4 27. Bg5 Rh5 28.
Be3 Qb5 29. Bf3 Qxc4 30. bxc4 Rh8 31. Rb1 Nd7 32. a3 Bxa3 33. Rxb7 Rb8 34. Ra7
Bc1 35. e5 Rb1 36. Bxc6 Bxe3+ 37. Kg2 Bg5 38. f4 Kf8 39. Bxd7 Bd8 40. d5 exd5
41. cxd5 Rb8 42. d6 Bb6 43. Ra6 g6 44. Kf3 Kg7 45. g4 Bd8 46. f5 gxf5 47. gxf5
Rb4 48. Ra8 Bg5 49. f6+ Kg6 50. Rg8+ Kh6 51. Bc6 Rb3+ 52. Ke4 1-0

[Event "32nd Cappelle Open 2016"]
[Site "Cappelle la Grande FRA"]
[Date "2016.02.14"]
[Round "2.12"]
[White "Klekowski, Maciej"]
[Black "Zubov, Alexander"]
[Result "1/2-1/2"]
[WhiteElo "2439"]
[BlackElo "2603"]
[PlyCount "86"]
[EventDate "2016.02.13"]
[EventType "swiss"]

1. d4 Nf6 2. Nf3 e6 3. c4 b6 4. g3 Ba6 5. b3 Bb4+ 6. Bd2 Be7 7. Bg2 c6 8. O-O
d5 9. Bc3 Nbd7 10. Nbd2 Rc8 11. Re1 O-O 12. e4 c5 13. e5 Ne8 14. cxd5 exd5 15.
Nf1 cxd4 16. Bxd4 Nc7 17. a3 Nc5 18. b4 Ne4 19. N3d2 Ne6 20. Nxe4 dxe4 21. Bb2
Ng5 22. Nd2 f5 23. exf6 Bxf6 24. Qb3+ Kh8 25. Nxe4 Bxb2 26. Qxb2 Nf3+ 27. Bxf3
Rxf3 28. Qe5 Qf8 29. Rac1 Re8 30. Qxe8 Qxe8 31. Ng5 Qa8 32. Nxf3 h6 33. Ne5 Kh7
34. Rc7 Qd5 35. Rd7 Qa2 36. Rxa7 Qxa3 37. Nf3 Qd3 38. Rf7 Bc4 39. Rf4 Bd5 40.
Re3 Qd1+ 41. Re1 Qd3 42. Re3 Qd1+ 43. Re1 Qd3 1/2-1/2

[Event "32nd Cappelle Open 2016"]
[Site "Cappelle la Grande FRA"]
[Date "2016.02.15"]
[Round "3.1"]
[White "Gurevich, Mikhail"]
[Black "Berkes, Ferenc"]
[Result "1/2-1/2"]
[WhiteElo "2542"]
[BlackElo "2649"]
[PlyCount "71"]
[EventDate "2016.02.13"]
[EventType "swiss"]

1. c4 b6 2. d4 Nf6 3. Nc3 Bb7 4. d5 e6 5. a3 Na6 6. Bf4 Nc5 7. e3 a5 8. Nf3 a4
9. Be2 Be7 10. Nd4 O-O 11. Bf3 Ne8 12. dxe6 fxe6 13. Bxb7 Nxb7 14. Nxa4 Bf6 15.
Bg3 Ned6 16. Rc1 Ne4 17. Qc2 Nxg3 18. hxg3 h6 19. Nc3 Nd6 20. Ncb5 Nf7 21. Rd1
Qc8 22. Nf3 c6 23. Nd6 Nxd6 24. Rxd6 Qc7 25. Rd2 d5 26. e4 Ra5 27. cxd5 Rc5 28.
Qb1 exd5 29. O-O dxe4 30. Qxe4 Qf7 31. Re1 Qc4 32. Qb1 Qb3 33. Re3 Qc4 34. Re1
Qb3 35. Re3 Qc4 36. Re1 1/2-1/2